000
00386nam a2200133Ia 4500
008
100328s9999 xx 000 0 und d
082
_b
13428
100
_a
दत्त प्रफुल्ल
245
_a
रेशमी लड्या
260
_b
इंदिरा
630
_a
रेशमी लड्या
730
_a
रेशमी लड्या
942
_c
BOOK
999
_c
508498
_d
508495